| Tag |
First Indicator |
Second Indicator |
Subfields |
| LEADER |
00000cam a2200000 a 4500 |
| 001 |
in00000016052 |
| 005 |
20151007052653.0 |
| 008 |
880229s1988 waua b 10000 eng d |
| 010 |
|
|
|a 87062544
|
| 020 |
|
|
|a 0892528761 (pbk.) :
|c $42.50
|
| 035 |
|
|
|a (OCoLC)17555588
|
| 035 |
|
|
|9 AAA8737AM
|
| 040 |
|
|
|a SCT
|c SCT
|d NAG
|d TXA
|d UtOrBLW
|
| 049 |
|
|
|a TXAM
|c [A12643706]
|
| 050 |
|
4 |
|a TK5103.59
|b .F524 1988
|
| 245 |
0 |
0 |
|a Fiber optic networks and coherent technology in fiber optic systems II :
|b 17-19 August 1987, San Diego, California /
|c John D. Chipman, Harish R.D. Sunak, chairs/editors ; sponsored by, SPIE--the International Society for Optical Engineering ; cooperating organizations, Applied Optics Laboratory/New Mexico State University [and others].
|
| 264 |
|
1 |
|a Bellingham, Wash. :
|b SPIE,
|c [1988]
|
| 264 |
|
4 |
|c ©1988
|
| 300 |
|
|
|a x, 399 pages :
|b illustrations ;
|c 28 cm.
|
| 336 |
|
|
|a text
|b txt
|2 rdacontent
|
| 337 |
|
|
|a unmediated
|b n
|2 rdamedia
|
| 338 |
|
|
|a volume
|b nc
|2 rdacarrier
|
| 490 |
1 |
|
|a Proceedings of SPIE--The International Society for Optical Engineering ;
|v v. 841
|
| 504 |
|
|
|a Includes bibliographical references and author index.
|
| 650 |
|
0 |
|a Optical communications
|v Congresses.
|
| 650 |
|
0 |
|a Fiber optics
|v Congresses.
|
| 700 |
1 |
|
|a Chipman, John D.
|
| 700 |
1 |
|
|a Sunak, Harish R. D.
|
| 710 |
2 |
|
|a Society of Photo-optical Instrumentation Engineers.
|
| 710 |
2 |
|
|a New Mexico State University.
|b Applied Optics Laboratory.
|
| 830 |
|
0 |
|a Proceedings of SPIE--the International Society for Optical Engineering ;
|v v. 841.
|
| 999 |
|
|
|a MARS
|
| 999 |
f |
f |
|s 21bb65e2-03ea-37f3-a8d7-11034bf055ff
|i 2b9ea110-fdd0-36b1-9ac8-111b0e48d6f2
|t 0
|
| 952 |
f |
f |
|p ric
|a Texas A&M University
|b Rellis Campus
|c Joint Library Facility
|d Remote Storage
|t 0
|e TK5103.59 .F524 1988
|h Library of Congress classification
|i unmediated -- volume
|m A14812643706
|
| 998 |
f |
f |
|a TK5103.59 .F524 1988
|t 0
|l Remote Storage
|